000
00227nam a2200097Ia 4500
008
240331s9999 xx 000 0 und d
082
_b
ILA
100
_a
Ilankeeran,
245
0
_a
Eelathumutpokku iIllakiyamum iyakkamum
942
_c
L
999
_c
3721
_d
3721